| 000 | 00540nam a2200193Ia 4500 | ||
|---|---|---|---|
| 005 | 20250508162437.0 | ||
| 008 | 008 250505s9999 xx 000 0 eng d | ||
| 037 | _aTextual | ||
| 040 |
_aFEDL _beng _cFEDL |
||
| 041 |
_aeng _2eng |
||
| 084 |
_a181.45, SHR _qFEDL |
||
| 100 | _aShringy R. K. | ||
| 245 | 0 | _aYoga science and philosophy | |
| 260 |
_aVaranasi, India _bBharata Manisha _c1979 |
||
| 300 | _axxxxi,282p. | ||
| 650 |
_aOriental Philosophy _9755543 |
||
| 942 |
_cTEXL _h181.45, SHR |
||
| 999 |
_c1376581 _d1376581 |
||